UBT Library

The international libel handbook : (Record no. 39878)

000 -LEADER
fixed length control field 00720cam a2200229 a 4500
001 - CONTROL NUMBER
control field 695452
005 - DATE AND TIME OF LATEST TRANSACTION
control field 20180109044002.0
008 - FIXED-LENGTH DATA ELEMENTS--GENERAL INFORMATION
fixed length control field 960208s1995 enk b 001 0 eng
010 ## - LIBRARY OF CONGRESS CONTROL NUMBER
LC control number 96113328
020 ## - INTERNATIONAL STANDARD BOOK NUMBER
International Standard Book Number 0750624884
040 ## - CATALOGING SOURCE
Original cataloging agency DLC
Transcribing agency DLC
Modifying agency DLC
041 ## - LANGUAGE CODE
Language code of text/sound track or separate title eng
080 ## - UNIVERSAL DECIMAL CLASSIFICATION NUMBER
Universal Decimal Classification number 345.0256 BRA
082 00 - DEWEY DECIMAL CLASSIFICATION NUMBER
Classification number 345.0256 BRA
100 ## - Rafti
Rafti 14
101 ## - Shkurtesa
Shkurtesa JUR
245 04 - TITLE STATEMENT
Title The international libel handbook :
Statement of responsibility, etc edited by Nick Braithwaite.
504 ## - BIBLIOGRAPHY, ETC. NOTE
Bibliography, etc Includes bibliographical references (p. [239]-240) and index.
906 ## - LOCAL DATA ELEMENT F, LDF (RLIN)
a 7
b cbc
c orignew
d 2
e ncip
f 19
g y-gencatlg
942 ## - ADDED ENTRY ELEMENTS (KOHA)
Source of classification or shelving scheme
Item type Books
Holdings
Withdrawn status Lost status Source of classification or shelving scheme Damaged status Not for loan Permanent location Current location Date acquired Total Checkouts Full call number Barcode Date last seen Price effective from Koha item type
          UBT - Lipjan UBT - Lipjan 01/09/2018   345.0256 BRA 002-2995133 01/09/2018 01/09/2018 Books
UBT Library © 2015-2024. All rights reserved University Education for Business and Technology